01450nam a2200157 450000100040000000500170000400800410002103500030006204100070006510000240007224501490009626000450024530000100029050400280030052009640032822520230411085952.0060907n19uu dr spa   aES aDíaz A., Estrella1 aImpactos del modelo exportador en los trabajadores y el medio ambiente :bAnálisis de los sectores frutícola y pesquero /cEstrella Díaz A a[s.l.] :bUniversidad ARCIS,c[s.f.]  a80 p. aBibliografía p. 67-70 aPrincipales cambios introducidos en el sector desde 1973, 1. -- Importancia y evolución económica del sector (Indicadores de crecimiento), 10. -- Impactos medioambientales producidos por la expansión frutícola, 13. -- Impactos de la expansión frutícola en las condiciones laborales de los trabajadores del sector, 20. -- La expansión frutícola y su relación con la seguridad alimantaria de la población, 27. -- Principales cambios introducidos en el sector desde 1973, 35. -- Especificidades productivas del sector pesquero, 37. -- Importancia y evolución del sector pesquero (Indicadores de crecimiento económico), 38. -- Impactos medioambientales producidos por la expansión del sector pesquero, 43. -- Impactos de la expansión pesquera en las condiciones laborales de los trabajadores del sector, 50. -- La lógica exportadora pesquera y el consumo nacional, 57. -- Conclusiones en torno a la sustentabilidad del modelo, 61. --